00342nam a2200121 4500082001100000100001500011245003700026260003300063300001200096942000700108999001500115952009000130 a510ARO aArora, P.N aCA Foundation Course Mathematics aIndia:bS.Chand & Co,c1998. a801p. ; cBK c9020d9020 00104070aSLMSbSLMSd2014-08-25g246.13l0o510AROp20849r2014-08-25 00:00:00yBK